| 000 | 00475nam a2200169Ia 4500 | ||
|---|---|---|---|
| 003 | IN-BaIIA | ||
| 008 | 211028s9999 xx 000 0 eng d | ||
| 040 | _cIIA Library | ||
| 080 |
_a519.68 _bSWA |
||
| 100 |
_aSwan, Tom _915774 |
||
| 245 | 0 |
_aMastering turbo PASCAL _cSwan, Tom |
|
| 260 |
_aDelhi _bBPB Publications _c1987 |
||
| 300 | _a448p. | ||
| 650 |
_aComputer programs _94148 |
||
| 650 | _aNASA thesaurus | ||
| 942 | _cBK | ||
| 999 |
_c9360 _d9360 |
||